| 000 | 00843nam a2200193 i 4500 | ||
|---|---|---|---|
| 001 | 68784 | ||
| 003 | ES-MaACL | ||
| 005 | 20250721193128.0 | ||
| 007 | t| | ||
| 008 | 960828s1876 sp a ||||1| spa d | ||
| 040 |
_aCAM _bspa _cCAM |
||
| 100 | 1 |
_aGiné y Partagás, Juan ( _d1836-1903) _957111 |
|
| 245 | 1 | 0 |
_aTratado teórico-práctico de freno-patología o Estudio de las enfermedades mentales fundado en la clinica y en la fisiología de los centros nerviosos / _cpor Juan Giné y Partagas. |
| 260 |
_aMadrid : _bMoya y Plaza libreros editores, _c1876 ( _fEstablecimiento tipográfico de Eduardo Cuesta) |
||
| 300 |
_aVII, 572 p., [4] h. pleg., [2] h. dobles de lám., [1] h. pleg. de plano, [4] h. de lám. : _bil. ; _c22 cm. |
||
| 650 | 7 |
_aEnfermedades mentales _2embne _912263 |
|
| 852 |
_aES-MaACL _jG-14980 |
||
| 999 |
_c68784 _d68784 |
||